[Event "British Championship"]
[Site "Torquay"]
[Date "2009.07.29"]
[Round "3.30"]
[White "Surtees, Michael"]
[Black "Rudd, Jack"]
[Result "1-0"]
[WhiteElo "2149"]
[BlackElo "2326"]
[PlyCount "95"]
[EventDate "2009.07.27"]
[EventRounds "11"]
[EventCountry "ENG"]
[SourceDate "2009.07.30"]

1. e4 e5 2. a3 d5 3. exd5 Qxd5 4. Nc3 Qe6 5. Nf3 Nc6 6. Bb5 Bd7 7. O-O O-O-O 8.
Re1 Qg6 9. d3 f6 10. Ne4 h5 11. Kh1 h4 12. h3 Qh7 13. c3 g5 14. Nh2 Be7 15. d4
Nh6 16. d5 Nb8 17. Bxd7+ Nxd7 18. c4 Nf7 19. b4 f5 20. Nc3 e4 21. Be3 Bf6 22.
Bd4 Qg7 23. Nb5 a6 24. Bxf6 Qxf6 25. Nd4 Nde5 26. Ne6 Rd7 27. Nc5 Rd6 28. Qd4
Rg8 29. Rad1 Nh6 30. Ne6 Kb8 31. c5 Rd7 32. a4 g4 33. hxg4 Nhxg4 34. Nxg4 Rxg4
35. b5 a5 36. c6 Rh7 37. b6 cxb6 38. Qxb6 Nc4 39. c7+ Kc8 40. Qa7 Rxc7 41. Nxc7
h3 42. g3 Qc3 43. Kh2 Qf3 44. Rg1 e3 45. Rdf1 f4 46. Ne6 e2 47. Qa8+ Kd7 48.
Qd8# 1-0

[Event "British Championship"]
[Site "Torquay"]
[Date "2009.07.29"]
[Round "3.31"]
[White "Bonafont, Philip"]
[Black "Addison, Bret"]
[Result "1-0"]
[WhiteElo "2124"]
[BlackElo "2266"]
[PlyCount "85"]
[EventDate "2009.07.27"]
[EventRounds "11"]
[EventCountry "ENG"]
[SourceDate "2009.07.30"]

1. d4 f5 2. Bf4 Nf6 3. e3 e6 4. Nf3 d6 5. c4 Qe7 6. Nc3 h6 7. h4 Nc6 8. Qb3 g6
9. Be2 Bg7 10. O-O-O O-O 11. Kb1 Rb8 12. c5 d5 13. Ne5 Nxe5 14. Bxe5 Ne8 15.
Bg3 Ra8 16. f3 c6 17. e4 f4 18. Bf2 dxe4 19. fxe4 Nf6 20. Rhe1 Kh8 21. e5 Nd5
22. Bd3 g5 23. hxg5 Qxg5 24. Ne4 Qxg2 25. Rg1 Qf3 26. Rg6 Nb4 27. Bc2 Qxb3 28.
Bxb3 Bd7 29. Rdg1 Rf7 30. Nd6 Raf8 31. Nxf7+ Rxf7 32. Bh4 f3 33. Rxg7 Rxg7 34.
Bf6 f2 35. Rf1 Nd5 36. Bxg7+ Kxg7 37. Rxf2 Be8 38. Kc1 Bg6 39. Kd2 h5 40. Bxd5
exd5 41. Ke3 Bb1 42. b4 Kg6 43. e6 1-0

[Event "British Championship"]
[Site "Torquay"]
[Date "2009.07.29"]
[Round "3.32"]
[White "McPhillips, Karl"]
[Black "Gill, Neville"]
[Result "1/2-1/2"]
[WhiteElo "2231"]
[BlackElo "2111"]
[PlyCount "228"]
[EventDate "2009.07.27"]
[EventRounds "11"]
[EventCountry "ENG"]
[SourceDate "2009.07.30"]

1. d4 d5 2. c4 e6 3. Nf3 Nf6 4. Bg5 Be7 5. Nc3 Nbd7 6. e3 O-O 7. Rc1 c6 8. Bd3
dxc4 9. Bxc4 Nd5 10. Bxe7 Qxe7 11. O-O Nxc3 12. Rxc3 e5 13. Bb3 Rd8 14. Qc2
exd4 15. exd4 Nf8 16. Re1 Be6 17. Rc5 Qd7 18. d5 cxd5 19. Rc7 Rdc8 20. Rxd7
Rxc2 21. Rxf7 Bxf7 22. Bxc2 Rc8 23. Bb3 h6 24. g3 Rc7 25. Rd1 Rc5 26. Ne5 Be6
27. Nd3 Rc7 28. Nf4 Kf7 29. Nxe6 Kxe6 30. Rxd5 Ke7 31. f4 Nd7 32. Kg2 Nf6 33.
Re5+ Kd8 34. h3 Rd7 35. Re2 a5 36. f5 Rd4 37. Be6 Ne4 38. a3 b5 39. Ba2 b4 40.
axb4 Rxb4 41. Bd5 Nf6 42. Bf3 a4 43. g4 Rb3 44. h4 a3 45. bxa3 Rxa3 46. Rb2 Ra7
47. Kg3 Ke7 48. Rb4 Kf7 49. g5 hxg5 50. hxg5 Nd7 51. Kg4 Nf8 52. Bd5+ Ke8 53.
f6 gxf6 54. gxf6 Nd7 55. f7+ Kf8 56. Rb5 Rc7 57. Ra5 Rc8 58. Ba2 Rd8 59. Kf5
Ke7 60. Ra7 Kd6 61. Ra6+ Ke7 62. Kg6 Ne5+ 63. Kg7 Nxf7 64. Re6+ Kd7 65. Kxf7
Rb8 66. Bd5 Rb2 67. Rf6 Re2 68. Bf3 Re3 69. Bg4+ Kc7 70. Kg6 Re5 71. Bf5 Re1
72. Kg5 Rg1+ 73. Kf4 Re1 74. Rg6 Re7 75. Be4 Kd7 76. Ke3 Kc7 77. Kd4 Kd7 78.
Bc6+ Kc7 79. Kc5 Re5+ 80. Bd5 Re7 81. Ra6 Kd7 82. Ra7+ Kd8 83. Ra8+ Kc7 84. Rh8
Kd7 85. Rh5 Kc7 86. Bf3 Rf7 87. Bg4 Rg7 88. Be6 Re7 89. Kd5 Rg7 90. Rf5 Kb6 91.
Kd6 Rc7 92. Bd7 Rc2 93. Rb5+ Ka6 94. Rb3 Ka5 95. Bc6 Rd2+ 96. Bd5 Ka4 97. Rb8
Ka3 98. Kc5 Rc2+ 99. Bc4 Rd2 100. Rb7 Rc2 101. Rb6 Rd2 102. Rb3+ Ka4 103. Rf3
Rc2 104. Rf6 Ka3 105. Kd4 Kb4 106. Bd3 Rc8 107. Rb6+ Ka5 108. Rb5+ Ka4 109. Bc4
Rc6 110. Kc3 Rc7 111. Rb6 Rc5 112. Ra6+ Ra5 113. Rc6 Ra7 114. Rc5 Ra8 1/2-1/2

[Event "British Championship"]
[Site "Torquay"]
[Date "2009.07.29"]
[Round "3.33"]
[White "Burrows, Martin"]
[Black "McClement, Andrew"]
[Result "0-1"]
[WhiteElo "2209"]
[BlackElo "1893"]
[PlyCount "54"]
[EventDate "2009.07.27"]
[EventRounds "11"]
[EventCountry "ENG"]
[SourceDate "2009.07.30"]

1. e4 c5 2. Nf3 d6 3. d4 cxd4 4. Nxd4 Nf6 5. Nc3 e6 6. g4 h6 7. h4 Be7 8. Qf3
Nc6 9. Nxc6 bxc6 10. g5 Nd7 11. gxh6 gxh6 12. Rg1 Rb8 13. Qh5 Bxh4 14. Be3 Rxb2
15. O-O-O Rb8 16. Rxd6 Bf6 17. Rxe6+ Be7 18. Bd3 Nf6 19. Rxf6 Bxf6 20. e5 Qa5
21. Bc4 Rb7 22. Qf3 Qa3+ 23. Kd2 Bxe5 24. Qxc6+ Rd7+ 25. Ke2 Bb7 26. Bxf7+ Kd8
27. Qb5 Ba6 0-1

[Event "British Championship"]
[Site "Torquay"]
[Date "2009.07.29"]
[Round "3.34"]
[White "Green, Andrew"]
[Black "Dines, Sheila"]
[Result "1/2-1/2"]
[WhiteElo "2203"]
[BlackElo "1936"]
[PlyCount "73"]
[EventDate "2009.07.27"]
[EventRounds "11"]
[EventCountry "ENG"]
[SourceDate "2009.07.30"]

1. e4 e5 2. Nf3 Nc6 3. Bb5 a6 4. Ba4 Nf6 5. d3 d6 6. c4 Be7 7. h3 Nd7 8. Nc3
Nb6 9. Bb3 f5 10. d4 exd4 11. Nxd4 Nxd4 12. Qxd4 Bf6 13. Qe3 Qe7 14. O-O Bxc3
15. Qxc3 fxe4 16. Bh6 Be6 17. Bxg7 Rg8 18. Bf6 Qf7 19. Rfe1 Qg6 20. g3 Kd7 21.
c5 Nd5 22. Bxd5 Bxd5 23. cxd6 cxd6 24. Qd4 Bc6 25. Rad1 d5 26. Rxe4 Rae8 27.
Rf4 Re2 28. Bh4 Rge8 29. Rg4 Qc2 30. Rg7+ Kc8 31. Qg4+ Kb8 32. Qf4+ Ka8 33. Rf1
Re1 34. Rxe1 Rxe1+ 35. Kh2 Qd1 36. Rg8+ Be8 37. Qc7 1/2-1/2

[Event "British Championship"]
[Site "Torquay"]
[Date "2009.07.29"]
[Round "3.35"]
[White "Garnett, John S"]
[Black "Hanley, James L"]
[Result "0-1"]
[WhiteElo "2059"]
[BlackElo "2277"]
[PlyCount "66"]
[EventDate "2009.07.27"]
[EventRounds "11"]
[EventCountry "ENG"]
[SourceDate "2009.07.30"]

1. c4 Nf6 2. g3 g6 3. Bg2 Bg7 4. Nc3 d6 5. Nf3 O-O 6. d4 Nc6 7. O-O Rb8 8. b3
Bg4 9. Bb2 Nd7 10. Qd2 Bxf3 11. Bxf3 Nxd4 12. Bg2 c5 13. Rad1 Re8 14. Nd5 Ne5
15. f4 Nec6 16. e3 Nf5 17. g4 Bxb2 18. Qxb2 Nh4 19. Be4 f5 20. gxf5 gxf5 21.
Bb1 Kf7 22. e4 e6 23. Ne3 Nd4 24. exf5 exf5 25. Rxd4 cxd4 26. Nd5 Re6 27. Kh1
Qg8 28. Qf2 Qg4 29. Qg3 Rg8 30. Rg1 Qxg3 31. hxg3 Nf3 32. Rd1 Rxg3 33. Bxf5
Rh6+ 0-1

[Event "British Championship"]
[Site "Torquay"]
[Date "2009.07.29"]
[Round "3.36"]
[White "White, Michael"]
[Black "Jones, Victor GL"]
[Result "1-0"]
[WhiteElo "2259"]
[BlackElo "2076"]
[PlyCount "47"]
[EventDate "2009.07.27"]
[EventRounds "11"]
[EventCountry "ENG"]
[SourceDate "2009.07.30"]

1. e4 c5 2. Nf3 d6 3. d4 cxd4 4. Nxd4 Nf6 5. Nc3 a6 6. Qf3 e6 7. Be3 Qc7 8. g4
Nc6 9. g5 Nd7 10. Qh3 Be7 11. g6 Nc5 12. Qxh7 Rf8 13. gxf7+ Rxf7 14. Be2 g6 15.
Qxg6 Bd7 16. Nxc6 Qxc6 17. Bh5 O-O-O 18. Qxf7 Be8 19. Qf3 Bxh5 20. Qxh5 Nxe4
21. Nxe4 Qxe4 22. O-O-O Bf6 23. Kb1 Qb4 24. Bc1 1-0

[Event "British Championship"]
[Site "Torquay"]
[Date "2009.07.29"]
[Round "3.37"]
[White "Hegarty, Sarah"]
[Black "McDonnell, James J"]
[Result "1-0"]
[WhiteElo "2098"]
[BlackElo "2023"]
[PlyCount "79"]
[EventDate "2009.07.27"]
[EventRounds "11"]
[EventCountry "ENG"]
[SourceDate "2009.07.30"]

1. e4 c5 2. Nf3 Nc6 3. d4 cxd4 4. Nxd4 Nf6 5. Nc3 d6 6. Bg5 e6 7. Qd2 Be7 8.
O-O-O O-O 9. f4 Nxd4 10. Qxd4 Qa5 11. e5 dxe5 12. Qxe5 Qxe5 13. fxe5 Nd5 14.
Bxe7 Nxe7 15. Bd3 Nc6 16. Rhe1 Rd8 17. Nb5 Bd7 18. Nd6 Rab8 19. c3 Be8 20. g4
Kf8 21. Bf1 h6 22. Bg2 Ke7 23. Kc2 Bd7 24. Rd2 Be8 25. Rdd1 Bd7 26. h4 Be8 27.
g5 hxg5 28. hxg5 g6 29. c4 a6 30. c5 Nb4+ 31. Kb3 Bc6 32. Kxb4 Bxg2 33. Ka5 Rd7
34. Rd2 Bd5 35. Rf2 Kf8 36. Ref1 Kg8 37. Rxf7 Rxf7 38. Rxf7 Bxa2 39. Rxb7 Rf8
40. b3 1-0

[Event "British Championship"]
[Site "Torquay"]
[Date "2009.07.29"]
[Round "3.38"]
[White "Tunks, Dominic"]
[Black "Taylor, Geoffrey P"]
[Result "1-0"]
[WhiteElo "2083"]
[BlackElo "2003"]
[PlyCount "63"]
[EventDate "2009.07.27"]
[EventRounds "11"]
[EventCountry "ENG"]
[SourceDate "2009.07.30"]

1. d4 d5 2. c4 e6 3. Nc3 Nf6 4. Bg5 Be7 5. e3 O-O 6. Nf3 Nbd7 7. Rc1 Re8 8. a3
c6 9. Bd3 dxc4 10. Bxc4 Nd5 11. Bxe7 Qxe7 12. Ne4 e5 13. Bxd5 cxd5 14. Nc3 e4
15. Nxd5 Qd8 16. Nd2 Ne5 17. Nf4 Ng4 18. O-O Qh4 19. h3 Nf6 20. Rc7 g5 21. Qb3
Be6 22. Nxe6 Rxe6 23. Qxb7 Rf8 24. Re7 Rb6 25. Qxa7 Rxb2 26. Nc4 Rc2 27. Ne5
Qh5 28. Nd7 Nxd7 29. Qxd7 f5 30. Qd5+ Rf7 31. Rb1 Rc8 32. Rbb7 1-0

[Event "British Championship"]
[Site "Torquay"]
[Date "2009.07.30"]
[Round "4.1"]
[White "Jones, Gawain C"]
[Black "Howell, David"]
[Result "1/2-1/2"]
[WhiteElo "2554"]
[BlackElo "2614"]
[PlyCount "57"]
[EventDate "2009.07.27"]
[EventRounds "11"]
[EventCountry "ENG"]

1. e4 e5 2. Nf3 Nc6 3. Bb5 Nf6 4. O-O Nxe4 5. Qe2 Nd6 6. Bxc6 dxc6 7. Qxe5+ Qe7
8. Qa5 Qd7 9. Re1+ Be7 10. Qg5 Nf5 11. Nh4 Kd8 12. Qxf5 Qxf5 13. Nxf5 Bxf5 14.
d3 Kd7 15. Nd2 h5 16. Nc4 f6 17. b3 b6 18. Ba3 Bxa3 19. Nxa3 a5 20. Nc4 a4 21.
f3 h4 22. Kf2 c5 23. Nb2 axb3 24. axb3 Be6 25. Na4 Bd5 26. Re3 Rhe8 27. Rxe8
Kxe8 28. Re1+ Kf7 29. Nc3 1/2-1/2

[Event "British Championship"]
[Site "Torquay"]
[Date "2009.07.30"]
[Round "4.2"]
[White "Trent, Lawrence"]
[Black "Williams, Simon Kim"]
[Result "1-0"]
[WhiteElo "2471"]
[BlackElo "2527"]
[PlyCount "79"]
[EventDate "2009.07.27"]
[EventRounds "11"]
[EventCountry "ENG"]

1. e4 c5 2. Nf3 d6 3. d4 cxd4 4. Qxd4 Nc6 5. Bb5 Bd7 6. Bxc6 Bxc6 7. Nc3 Nf6 8.
Bg5 e6 9. O-O-O Be7 10. Rhe1 O-O 11. Kb1 Qc7 12. Qd2 Rfd8 13. Nd4 b5 14. Ncxb5
Bxb5 15. Nxb5 Qc5 16. Nc3 Rab8 17. Ka1 h6 18. Bh4 Qb4 19. Qc1 Rdc8 20. Rd3 d5
21. f3 Rb6 22. Bf2 Ra6 23. exd5 Qa5 24. Qb1 Bb4 25. dxe6 fxe6 26. Bd4 Nd7 27.
Rde3 Rc4 28. Rd1 e5 29. Bxe5 Nxe5 30. Rd5 Qc7 31. Nb5 Qc6 32. Rdxe5 Bc5 33. Rb3
Ra5 34. Nc3 Bd4 35. Rxa5 Rxc3 36. Rxc3 Bxc3 37. Ra3 Bf6 38. Rd3 a5 39. c3 a4
40. a3 1-0

[Event "British Championship"]
[Site "Torquay"]
[Date "2009.07.30"]
[Round "4.3"]
[White "Houska, Jovanka"]
[Black "Wells, Peter K"]
[Result "1/2-1/2"]
[WhiteElo "2392"]
[BlackElo "2498"]
[PlyCount "50"]
[EventDate "2009.07.27"]
[EventRounds "11"]
[EventCountry "ENG"]

1. d4 Nf6 2. Nf3 d5 3. c4 e6 4. g3 Bb4+ 5. Bd2 Be7 6. Bg2 O-O 7. O-O Nbd7 8.
Bf4 c6 9. Qc2 b6 10. cxd5 cxd5 11. Nc3 Nh5 12. Bd2 Bb7 13. Rac1 Rc8 14. Qb3
Nhf6 15. Bf4 a6 16. a3 b5 17. Na2 Qb6 18. Nb4 a5 19. Nd3 Ba6 20. Rxc8 Rxc8 21.
Rc1 Rxc1+ 22. Bxc1 h6 23. Qc2 b4 24. axb4 axb4 25. b3 Ne4 1/2-1/2

[Event "British Championship"]
[Site "Torquay"]
[Date "2009.07.30"]
[Round "4.4"]
[White "Conquest, Stuart"]
[Black "Hawkins, Jonathan"]
[Result "1/2-1/2"]
[WhiteElo "2572"]
[BlackElo "2325"]
[PlyCount "131"]
[EventDate "2009.07.27"]
[EventRounds "11"]
[EventCountry "ENG"]

1. e4 e5 2. Nf3 Nc6 3. Bb5 a6 4. Ba4 Nf6 5. O-O Be7 6. Qe2 b5 7. Bb3 O-O 8. c3
d5 9. d3 Bb7 10. Rd1 Re8 11. Nbd2 Bf8 12. a3 Nb8 13. Nf1 h6 14. Ng3 Nbd7 15.
Ba2 c5 16. Be3 Qc7 17. Rac1 dxe4 18. dxe4 c4 19. Bb1 Nc5 20. Nd2 Na4 21. Ndf1
Red8 22. Rxd8 Rxd8 23. h3 Rd7 24. Nh2 Qd8 25. Nf3 Qe8 26. Kh1 Qe6 27. Kh2 a5
28. Ne1 Qc6 29. Nf3 Qc7 30. Kh1 Nc5 31. Nd2 Qd8 32. Bc2 a4 33. f3 Bc8 34. Ndf1
Nd3 35. Bxd3 Rxd3 36. Qf2 Be6 37. Kh2 Kh7 38. Rc2 Qd6 39. Ne2 Rd1 40. Rd2 Rxd2
41. Nxd2 Be7 42. Nc1 Nd7 43. Nf1 g6 44. g4 f5 45. exf5 gxf5 46. Qc2 e4+ 47. f4
h5 48. gxf5 Bxf5 49. Ne2 Qd3 50. Qxd3 exd3 51. Nd4 Be4 52. Nd2 Bd5 53. Nxb5 Nf6
54. Kg3 Ne4+ 55. Nxe4 Bxe4 56. Nc7 Kg6 57. Ne6 h4+ 58. Kh2 Bd5 59. Nd4 Bc5 60.
Kg1 Bxd4 61. cxd4 Kf5 62. Kf2 Ke4 63. Bd2 Be6 64. f5 Bxf5 65. Bg5 Bxh3 66. Bxh4
1/2-1/2

[Event "British Championship"]
[Site "Torquay"]
[Date "2009.07.30"]
[Round "4.5"]
[White "Eggleston, David"]
[Black "Gordon, Stephen"]
[Result "0-1"]
[WhiteElo "2341"]
[BlackElo "2537"]
[PlyCount "56"]
[EventDate "2009.07.27"]
[EventRounds "11"]
[EventCountry "ENG"]

1. e4 c5 2. Nf3 d6 3. d4 cxd4 4. Nxd4 Nf6 5. Nc3 a6 6. Be3 e5 7. Nb3 Be6 8. f3
h5 9. Qd2 Nbd7 10. O-O-O b5 11. f4 Be7 12. f5 Bc4 13. Qe1 Rc8 14. Kb1 Qc7 15.
Bxc4 Qxc4 16. Nd2 Qc6 17. a3 a5 18. Rc1 b4 19. axb4 axb4 20. Na2 Qa4 21. b3 Qa3
22. Nc4 Rxc4 23. bxc4 O-O 24. Ba7 Qxa7 25. Nxb4 Qa3 26. Rd1 Ra8 27. c3 Qb3+ 28.
Kc1 Nxe4 0-1

[Event "British Championship"]
[Site "Torquay"]
[Date "2009.07.30"]
[Round "4.6"]
[White "Arkell, Keith C"]
[Black "Storey, Charles"]
[Result "0-1"]
[WhiteElo "2521"]
[BlackElo "2279"]
[PlyCount "76"]
[EventDate "2009.07.27"]
[EventRounds "11"]
[EventCountry "ENG"]

1. d4 g6 2. Nf3 Bg7 3. b4 d6 4. Bb2 a5 5. b5 c5 6. Nbd2 Nh6 7. e4 O-O 8. c3
cxd4 9. cxd4 d5 10. e5 a4 11. Ba3 f6 12. Be2 Nf5 13. Rc1 g5 14. h3 Nd7 15. Bb2
Qb6 16. Qc2 fxe5 17. dxe5 a3 18. Ba1 Qh6 19. O-O Nb6 20. Rfe1 Ra4 21. Nf1 g4
22. hxg4 Rxg4 23. N1h2 Rg6 24. Qd2 Nh4 25. Qxh6 Rxg2+ 26. Kh1 Bxh6 27. Nxh4
Rxh2+ 28. Kxh2 Bxc1 29. Rg1+ Kh8 30. Rxc1 Rxf2+ 31. Kh1 Rxe2 32. e6+ Rb2 33.
Re1 Kg8 34. Nf5 Kf8 35. Nd4 Rxa2 36. Rf1+ Ke8 37. Rg1 Kd8 38. Bc3 Nc4 0-1

[Event "British Championship"]
[Site "Torquay"]
[Date "2009.07.30"]
[Round "4.7"]
[White "Gormally, Daniel"]
[Black "Lewis, Andrew P"]
[Result "1-0"]
[WhiteElo "2490"]
[BlackElo "2281"]
[PlyCount "95"]
[EventDate "2009.07.27"]
[EventRounds "11"]
[EventCountry "ENG"]

1. e4 c5 2. c3 Nf6 3. e5 Nd5 4. Nf3 e6 5. d4 cxd4 6. cxd4 b6 7. Nc3 Nxc3 8.
bxc3 Qc7 9. Bd2 Bb7 10. Bd3 d6 11. O-O Nd7 12. Ng5 dxe5 13. Qh5 g6 14. Qh3 Be7
15. Rfe1 Rc8 16. c4 Qd6 17. Rad1 Qa3 18. d5 Nc5 19. Bc1 Qa4 20. dxe6 Bxg5 21.
Bxg5 O-O 22. Bf6 Qc6 23. Be7 Qxe6 24. Qxe6 Nxe6 25. Bxf8 Kxf8 26. Rxe5 Ke7 27.
Ree1 Rc5 28. f3 Ra5 29. Rd2 Ba6 30. Bf1 Bb7 31. f4 Bc6 32. g3 h5 33. Bh3 Bd7
34. Bg2 Bc8 35. Bd5 Kf6 36. Re5 Ra3 37. Kf2 h4 38. Re3 Ra5 39. Rde2 h3 40. Rd2
Ng7 41. Bf3 Be6 42. Bd5 Bg4 43. a3 Rc5 44. Rb3 Ra5 45. Bf3 Be6 46. Be2 g5 47.
fxg5+ Kxg5 48. Rb5+ 1-0

[Event "British Championship"]
[Site "Torquay"]
[Date "2009.07.30"]
[Round "4.8"]
[White "Hebden, Mark"]
[Black "Zhou, Yang Fan"]
[Result "1-0"]
[WhiteElo "2468"]
[BlackElo "2265"]
[PlyCount "85"]
[EventDate "2009.07.27"]
[EventRounds "11"]
[EventCountry "ENG"]

1. d4 Nf6 2. Nf3 d6 3. Nc3 Bf5 4. Bg5 Nbd7 5. Nh4 Bg6 6. Nxg6 hxg6 7. d5 c6 8.
e4 Rc8 9. Be2 cxd5 10. exd5 Qa5 11. O-O Rxc3 12. Bd2 Nxd5 13. Bf3 N7b6 14. bxc3
Nc4 15. Qe2 Qc5 16. Rfe1 e6 17. a4 Be7 18. Rab1 Ndb6 19. Rb5 Qc7 20. Bf4 a6 21.
Rb4 Bf6 22. Reb1 Bxc3 23. Rxc4 Nxc4 24. Rxb7 Qc8 25. Bd5 Ne5 26. Qxa6 O-O 27.
Bb3 d5 28. Qb5 Bd4 29. h3 Qc3 30. Qe2 Nc6 31. Bd2 Qc5 32. Kf1 Rb8 33. Bb4 Qxb4
34. Rxb4 Nxb4 35. h4 Bf6 36. g3 Nc6 37. Qa6 Nd4 38. Qa7 Rb4 39. Qc5 Rb8 40. a5
Nb5 41. a6 Bd4 42. a7 Rf8 43. Qxf8+ 1-0

[Event "British Championship"]
[Site "Torquay"]
[Date "2009.07.30"]
[Round "4.9"]
[White "Ynojosa, Felix Jose"]
[Black "Summerscale, Aaron"]
[Result "0-1"]
[WhiteElo "2188"]
[BlackElo "2454"]
[PlyCount "118"]
[EventDate "2009.07.27"]
[EventRounds "11"]
[EventCountry "ENG"]

1. e4 e6 2. d4 d5 3. exd5 exd5 4. Nf3 Nc6 5. Bd3 Bd6 6. c3 Nge7 7. Bg5 f6 8.
Be3 Bg4 9. Nbd2 Qd7 10. b4 O-O 11. Qc2 Bf5 12. Nh4 Bxd3 13. Qxd3 Rae8 14. g3
Qh3 15. Qf1 Qe6 16. Ng2 Qf5 17. Rc1 a5 18. a3 axb4 19. axb4 Ra8 20. Qb5 Na7 21.
Qe2 Nac8 22. O-O Ra3 23. Bf4 Ng6 24. Bxd6 Nxd6 25. Ne3 Qe6 26. Rfe1 c6 27. Qf3
Qd7 28. h4 Ne7 29. Qf4 Nef5 30. Nxf5 Nxf5 31. Qg4 Rd8 32. Nb1 Ra2 33. Re2 Ra1
34. Rce1 Nd6 35. Qf4 Re8 36. Rxe8+ Nxe8 37. Qe3 Nd6 38. Nd2 Ra3 39. Nb1 Ra2 40.
Nd2 Ra3 41. Qe6+ Qxe6 42. Rxe6 Nb5 43. Re8+ Kf7 44. Rb8 Nd6 45. Rd8 Ke7 46. Rg8
Ne8 47. Kf1 Rxc3 48. Ke2 Ra3 49. h5 Ra4 50. h6 gxh6 51. Rh8 Nd6 52. Rxh7+ Nf7
53. Nf3 Kf8 54. Nh4 Kg8 55. Rxf7 Kxf7 56. Nf5 Rxb4 57. Nxh6+ Kg6 58. Ng8 Rxd4
59. f3 Kf7 0-1

[Event "British Championship"]
[Site "Torquay"]
[Date "2009.07.30"]
[Round "4.10"]
[White "Greet, Andrew"]
[Black "Constantinou, Peter"]
[Result "1/2-1/2"]
[WhiteElo "2443"]
[BlackElo "2264"]
[PlyCount "88"]
[EventDate "2009.07.27"]
[EventRounds "11"]
[EventCountry "ENG"]

1. e4 g6 2. d4 Bg7 3. Nc3 c6 4. f4 Qb6 5. Nf3 d5 6. e5 Bg4 7. Be2 Bxf3 8. Bxf3
e6 9. Na4 Qa5+ 10. c3 Nd7 11. b4 Qc7 12. Be3 Ne7 13. O-O a5 14. a3 O-O 15. Nc5
axb4 16. axb4 b5 17. Qb1 Nb6 18. Rf2 Rxa1 19. Qxa1 Ra8 20. Ra2 Rxa2 21. Qxa2
Nec8 22. g4 Nc4 23. Bc1 Qa7 24. Qxa7 Nxa7 25. Be2 Nb6 26. f5 exf5 27. gxf5 f6
28. e6 Nac8 29. Bd3 Ne7 30. fxg6 hxg6 31. h4 Kh7 32. Nd7 Nbc8 33. Bf4 f5 34.
Kf2 Bh6 35. Nf6+ Kg7 36. Ne8+ Kh7 37. Nf6+ Kg7 38. Be5 Kf8 39. Nd7+ Ke8 40. Ke2
Kd8 41. Bf6 Kc7 42. Be5+ Kd8 43. Kd1 Be3 44. Ke2 Bh6 1/2-1/2

[Event "British Championship"]
[Site "Torquay"]
[Date "2009.07.30"]
[Round "4.11"]
[White "Cobb, James"]
[Black "Cumbers, Paul"]
[Result "0-1"]
[WhiteElo "2432"]
[BlackElo "2207"]
[PlyCount "56"]
[EventDate "2009.07.27"]
[EventRounds "11"]
[EventCountry "ENG"]

1. Nf3 Nf6 2. d4 e6 3. g3 b5 4. c3 Bb7 5. Bg5 c5 6. e3 h6 7. Bxf6 Qxf6 8. Nbd2
cxd4 9. exd4 a6 10. a4 b4 11. Bg2 d5 12. Ne5 Nc6 13. Ndf3 Bd6 14. Qe2 Qe7 15.
O-O O-O 16. Rac1 a5 17. Rfd1 bxc3 18. bxc3 Nxe5 19. dxe5 Ba3 20. Rb1 Ba6 21.
Qd2 Rfc8 22. Bf1 Bxf1 23. Kxf1 Rc4 24. Nd4 Rxa4 25. Rb5 Rc4 26. Rdb1 Qc7 27.
Rb7 Qxe5 28. Qc2 Qxd4 0-1

[Event "British Championship"]
[Site "Torquay"]
[Date "2009.07.30"]
[Round "4.12"]
[White "Palliser, Richard"]
[Black "Bonafont, Philip"]
[Result "1-0"]
[WhiteElo "2413"]
[BlackElo "2124"]
[PlyCount "49"]
[EventDate "2009.07.27"]
[EventRounds "11"]
[EventCountry "ENG"]

1. d4 d5 2. c4 e5 3. dxe5 d4 4. Nf3 Nc6 5. Nbd2 Nge7 6. Nb3 Nf5 7. e4 dxe3 8.
Qxd8+ Nxd8 9. fxe3 Bb4+ 10. Kf2 O-O 11. g4 Nh6 12. h3 Kh8 13. Bd3 Ne6 14. Nbd4
a5 15. a3 Bc5 16. Bd2 a4 17. Bb4 Rd8 18. Nxe6 Bxe6 19. Rhd1 Bb6 20. Ng5 Rd7 21.
c5 Ba5 22. Be4 Bxb4 23. axb4 Rad8 24. Rxd7 Rxd7 25. Rxa4 1-0

[Event "British Championship"]
[Site "Torquay"]
[Date "2009.07.30"]
[Round "4.13"]
[White "Salimbeni, George"]
[Black "Buckley, Graeme"]
[Result "1/2-1/2"]
[WhiteElo "2115"]
[BlackElo "2398"]
[PlyCount "138"]
[EventDate "2009.07.27"]
[EventRounds "11"]
[EventCountry "ENG"]

1. e4 c5 2. c3 e6 3. Nf3 d5 4. exd5 exd5 5. d4 Nc6 6. Bb5 Bd6 7. O-O Nge7 8.
dxc5 Bxc5 9. Nbd2 O-O 10. Nb3 Bb6 11. Re1 Nf5 12. Bd3 h6 13. Bc2 Be6 14. Qd3
Qf6 15. Be3 Bxe3 16. fxe3 g6 17. Nc5 Rfe8 18. Nxe6 Rxe6 19. e4 dxe4 20. Rxe4
Rd8 21. Rxe6 Qxe6 22. Qb5 Rd5 23. Qxb7 Qe3+ 24. Kf1 Ng3+ 25. hxg3 Rh5 26. Nh4
Qxg3 27. Qc8+ Kg7 28. Qh3 Qf4+ 29. Qf3 Qxh4 30. Re1 Ne5 31. Qe3 Qg4 32. Qd4 Qg3
33. Qf2 Qg5 34. Be4 Rh1+ 35. Ke2 Rh4 36. Kd1 Rf4 37. Qe2 Qf6 38. Kc1 Rf2 39.
Qe3 Nc4 40. Qd4 Nxb2 41. Qxf6+ Kxf6 42. Kb1 Na4 43. Re3 Rb2+ 44. Ka1 Rb6 45.
Bd5 Kg5 46. c4 f5 47. Ra3 Rb4 48. Bc6 Nc5 49. Bd5 Ne4 50. Rb3 Rxb3 51. axb3 Kf4
52. b4 Ke5 53. Bc6 g5 54. Kb2 h5 55. Kc2 h4 56. Kd3 g4 57. Ke3 g3 58. Bxe4 fxe4
59. c5 Kd5 60. Kf4 a6 61. Kg4 e3 62. Kf3 Kd4 63. c6 Kd3 64. c7 e2 65. c8=Q e1=Q
66. Qxa6+ Kc3 67. Qf6+ Kb3 68. Qxh4 Qf2+ 69. Kg4 Qxg2 1/2-1/2

[Event "British Championship"]
[Site "Torquay"]
[Date "2009.07.30"]
[Round "4.14"]
[White "Jones, William"]
[Black "Kolbus, Dietmar"]
[Result "1/2-1/2"]
[WhiteElo "2052"]
[BlackElo "2383"]
[PlyCount "93"]
[EventDate "2009.07.27"]
[EventRounds "11"]
[EventCountry "ENG"]

1. e4 c5 2. Nf3 a6 3. Nc3 d6 4. d4 cxd4 5. Nxd4 Nf6 6. Be3 e5 7. Nb3 Be6 8. f3
Nbd7 9. g4 h6 10. Qd2 Qc7 11. O-O-O Be7 12. Kb1 Nb6 13. h4 Nfd7 14. g5 hxg5 15.
Bxg5 Rh5 16. Bxe7 Kxe7 17. f4 Bxb3 18. axb3 exf4 19. Qxf4 Ne5 20. Be2 Rh6 21.
Qg5+ Kf8 22. h5 Re8 23. Rhg1 Rh7 24. Rg2 Re6 25. Rdg1 Rf6 26. Rd1 Qc5 27. Qg3
Qc7 28. Qg5 Ke8 29. Qh4 Qe7 30. Rf2 Rxf2 31. Qxf2 Qc7 32. Qf5 Rh6 33. Rg1 Kf8
34. Qg5 Rh7 35. Qf5 Kg8 36. Qf6 Kf8 37. Qf5 Kg8 38. Qf6 Qd7 39. Qg5 Kf8 40. Rd1
Qe7 41. Qe3 Qc7 42. Qg5 Qe7 43. Qe3 Qd8 44. Qd4 Ke8 45. Qxd6 Qxd6 46. Rxd6 Nbd7
47. b4 1/2-1/2

[Event "British Championship"]
[Site "Torquay"]
[Date "2009.07.30"]
[Round "4.15"]
[White "Lane, Gary"]
[Black "Sen, Subin"]
[Result "1/2-1/2"]
[WhiteElo "2379"]
[BlackElo "2093"]
[PlyCount "95"]
[EventDate "2009.07.27"]
[EventRounds "11"]
[EventCountry "ENG"]

1. e4 c5 2. Nf3 d6 3. d4 cxd4 4. Nxd4 Nf6 5. Nc3 a6 6. g3 e5 7. Nb3 Be7 8. Bg2
b5 9. a4 b4 10. Nd5 Nxd5 11. Qxd5 Ra7 12. Be3 Be6 13. Qd1 Rd7 14. a5 Qc8 15.
O-O O-O 16. f4 Rc7 17. Rf2 Nd7 18. f5 Bc4 19. g4 Qb7 20. g5 Rfc8 21. Nd2 b3 22.
c3 d5 23. Nxc4 dxc4 24. f6 Bc5 25. Bxc5 Nxc5 26. Qh5 Qa7 27. Raf1 Nd3 28. Bh3
Qe3 29. Bf5 h6 30. gxh6 gxh6 31. Bxc8 Nxf2 32. Rxf2 Qe1+ 33. Kg2 Qxe4+ 34. Kh3
Rxc8 35. Rg2+ Kf8 36. Qxh6+ Ke8 37. Rd2 Qf3+ 38. Kh4 Qf4+ 39. Qxf4 exf4 40. Kg4
Rc6 41. Kf5 Rc5+ 42. Kxf4 Rxa5 43. h4 Ra1 44. h5 Rh1 45. Kg5 Rg1+ 46. Kf5 Rh1
47. Kg5 Rg1+ 48. Kf5 1/2-1/2